| 000 | 01031cam a22003493a 4500 | ||
|---|---|---|---|
| 001 | 12681211 | ||
| 003 | LC | ||
| 005 | 20160317152046.0 | ||
| 008 | 010419s2001 nyu j 000 1 eng d | ||
| 010 | _a 2002562528 | ||
| 020 | _a9780439115278 | ||
| 040 |
_aIOS _cIOS _dDLC |
||
| 042 | _alccopycat | ||
| 050 | 0 | 0 |
_aPZ 4 .L33 _b.Ap648 2001 |
| 082 |
_aFIC _bAp5 2001 |
||
| 100 | 1 |
_aApplegate, Katherine. _93913 |
|
| 245 | 1 | 4 |
_aThe answer / _cK.A. Applegate. |
| 260 |
_aNew York : _bScholastic, _cc2001. |
||
| 300 |
_a157 p. ; _c19 cm. |
||
| 490 | 1 |
_aAnimorphs ; _v#53 |
|
| 500 | _a"An Apple paperback." | ||
| 562 | _e1 | ||
| 650 | 0 |
_aFiction. _9746 |
|
| 650 | 0 | _aMetamorphosis -- Juvenile fiction. | |
| 650 | 0 | _aAnimaux -- Romans. | |
| 710 | 2 |
_aCopyright Paperback Collection (Library of Congress) _5DLC _9705 |
|
| 800 | 1 |
_aApplegate, Katherine. _tAnimorphs ; _v53. _917211 |
|
| 906 |
_a7 _bcbc _ccopycat _d2 _encip _f20 _gy-genrareb |
||
| 942 |
_2lcc _cBK |
||
| 999 |
_c10669 _d10669 |
||